Responses for Show #6999 - Thursday, February 5, 2015

2015 Teachers Tournament quarterfinal game 4.

Contestants

[<< previous game]

Chris Grinvalds, a high school history teacher and coach from Bennington, Nebraska

Jennifer Giles, a third grade teacher from Longmont, Colorado

Mary Bayer, a middle and high school drama teacher from Hoffman Estates, Illinois

[next game >>]

Jeopardy! Round responses

1-LETTER STOCK SYMBOLS
OLYMPIC SPORTS BY GOLD MEDALIST
WHAT DO I HEAR?
OTHER BIBLE BOOKS
COLORFUL RHYME TIME
THE MATH & NOTHING BUT THE MATH
    $200 15
(Mary Bayer's students at Elgin Academy: Break a leg on Jeopardy!, Mrs. Bayer! Huzzah!)

Sprint

Jennifer
    $200 21
men's speed skating

Chris
    $200 6
(Mary: What is a gull?)
(Alex: Be more specific.)

a sea gull

Mary
    $200 11
grammar

Jennifer
    $200 1
a black jack

Triple Stumper
    $200 26
mean

Jennifer
    $400 17
Pandora

Jennifer
    $400 22
swimming

Chris
    $400 7
tennis

Jennifer
    $400 12
tattooing

Mary
    $400 2
blue glue

Mary
    $400 27
(Jennifer: What is 27?)

2

Jennifer
Triple Stumper
    $600 18
(Chris: What is Verizon?)
(Mary: What is Viacom?)
(Jennifer: What is Virgin?)
(Alex: No! "What is [*]?" You probably have one in your purse. Jennifer, back to you.)

Visa

MaryJenniferChris
Triple Stumper
    $600 23
boxing

Chris
    $600 8
a modem

Jennifer
    $600 13
Zen and

Jennifer
    $600 3
a white light

Chris
    $600 28
(Mary: What is a parabola?)

a chord

Mary
Triple Stumper
    $800 19
Zillow

Jennifer
    $800 24
gymnastics

Chris
    $800 9
(Chris: What is a siren? What is a siren?)

a tornado

MaryChris
    $800 14
a bartender

Chris
    $800 4
a yellow cello

Jennifer
    $800 29
1

Jennifer
    $1000 20
Ryder

Mary
    $1000 25
[Applause for Chris' run of the category]
(Alex: You hit your category, but there are no more sports up there! We just have THE MATH & NOTHING BUT THE MATH. Do we start at the top?)
(Chris: $200, please.)
(Alex: All right.)

downhill skiing

Chris
    $1,400 10
(Mary: What is the autoharp?)

the mandolin

Mary
    $1000 16
Elizabeth Cady Stanton

Chris
    $1000 5
a green sheen

Jennifer
    $1000 30
the distributive property

Jennifer

Scores at the first commercial break (after clue 15):

Mary Jennifer Chris
$400 $3,800 $600

Scores at the end of the Jeopardy! Round:

Mary Jennifer Chris
$200 $6,000 $4,000

Double Jeopardy! Round responses

20th CENTURY EUROPE
CROSSWORD CLUES "K"
(Alex: In which all of the correct responses will begin with the letter K.)
SAINTS GO MARCHING IN
U.S. BODIES OF WATER
ENTERTAINING RELATIVES
SHAKING UP SHAKESPEARE
(Alex: Anagrams.)
    $400 16
Franz Ferdinand

Jennifer
    $400 11
kindergarten

Jennifer
    $400 21
St. Patrick

Chris
    $400 22
the Rio Grande

Chris
    $400 6
Sisters

Mary
    $400 5
As You Like It

Mary
    $800 17
Switzerland

Jennifer
    $800 12
kabuki

Mary
    $800 27
John the Baptist

Triple Stumper
    $3,200 23
Crater Lake

Chris
    $800 7
Auntie

Chris
    $800 4
A Midsummer Night's Dream

Chris
    $1200 18
Algeria

Chris
    $1200 13
krewe

Jennifer
    $1200 28
St. Francis (of Assisi)

Jennifer
    $1200 24
Coeur d'Alene

Jennifer
    $1200 8
Mammas

Chris
    $1200 1
The Comedy of Errors

Triple Stumper
    $1600 19
Entente

Jennifer
    $1600 14
kookaburra

Jennifer
    $2,000 29
Bernadette

Jennifer
    $1600 25
(Chris: What is Lake Mead?)

Lake Powell

Chris
Triple Stumper
    $1600 9
Son

Mary
    $1600 2
Titus Andronicus

Mary
    $2000 20
(Alex: Former field marshal [*].)

von Hindenburg

Triple Stumper
    $2000 15
kefir

Mary
    $2000 30
St. Christopher

Jennifer
    $2000 26
(Mary: What is the Ohio River?)

the Cumberland

Mary
Triple Stumper
    $2000 10
(Chris: What is Cousin?)

Brother

MaryChris
    $2000 3
Much Ado About Nothing

Mary

Scores at the end of the Double Jeopardy! Round:

Mary Jennifer Chris
$9,000 $18,400 $8,400
(lock game)

Final Jeopardy! Round responses

LISTS
(Alex: [To Chris] And if it makes you feel any better, the endangered species list that you were going for was wrong also.)
ChrisWhat is the endangered famous landmarks?
$8,400
MaryWhat are the wonders of the world
$0
JenniferWhat is the World Heritage sites?
$400
the World Heritage (Sites) list

Final scores:

Mary Jennifer Chris
$9,000 $18,800 $0
2nd place: $5,000 if eliminated Automatic semifinalist 3rd place: $5,000 if eliminated

Game dynamics:

Coryat scores:

Mary Jennifer Chris
$10,400 $18,000 $6,000
13 R,
4 W
(including 1 DD)
22 R
(including 1 DD),
2 W
15 R
(including 1 DD),
4 W

Combined Coryat: $34,400

[game clues] [game scores] [suggest correction]

Game tape date: Unknown
The J! Archive is created by fans, for fans. Scraping, republication, monetization, and malicious use prohibited; this site may use cookies and collect identifying information. See terms. The Jeopardy! game show and all elements thereof, including but not limited to copyright and trademark thereto, are the property of Jeopardy Productions, Inc. and are protected under law. This website is not affiliated with, sponsored by, or operated by Jeopardy Productions, Inc. Join the discussion at JBoard.tv.